000 00195 a2200097 4500
020 _a9781984831309
041 _aspa
100 _aSuess, Dr
245 _aDr. Suess Libros de Animales
942 _cBK
999 _c30452
_d30450